00446nam a2200145Ia 4500082001200000100002600012245006800038260002800106300002100134650003000155650003000185650004200215650002900257710001400286 aTS.0722 aSahasrabudhe, Nandini 0aLife in ancient India as depicted in the Kushana art of Mathura c1974bNagpur University a169p. + C D - 58 aINDIA - SOCIAL CONDITIONS aINDIA - HISTORY - SOURCES aART, KUSHAN - UTTAR PRADESH - MATHURA aKUSHAN ART//ART, KUSHAN  aDeo, S.B.